Detalles MARC
| 000 -LIDER |
| fixed length control field |
01324nam a22004097a 4500 |
| 001 - NÚMERO DE CONTROL |
| Identificador de número de control |
0162 |
| 003 - IDENTIFICACDOR DE NÚMERO DE CONTROL |
| control field |
DO-SdBNP |
| 005 - DATE AND TIME OF LATEST TRANSACTION |
| control field |
20170906110438.0 |
| 007 - CAMPOS FIJOS DE DESCRIPCIÓN FÍSICA |
| fixed length control field |
0162 |
| 008 - ELEMENTOS DE LONGITUD FIJA |
| fixed length control field |
151005b199u sp 00| 0 spa d |
| 020 ## - ISBN |
| International Standard Book Number |
8472547450 |
| 040 ## - FUENTE DE CATALOGACIÓN |
| Agencia que crea de manera original el registro |
BPMSU |
| Idioma de catalogación |
spa |
| Agencia que realiza la transcripción |
BPMSU |
| 082 #4 - NÚMERO DE CLASIFICACIÓN DECIMAL DE DEWEY |
| Classification number |
R 036.1 |
| Item number |
C932e |
| 245 00 - MENCIÓN DE TITULO |
| Título |
Crisol : |
| Subtítulo |
enciclopedia escolar universal carroggio / |
| Mención de responsabilidad |
coordinación Miguel Faidella |
| 260 0# - PUBLICACIÓN, DISTRIBUCIÓN, ETC. (PIE DE IMPRENTA) |
| Lugar de publicación, distribución, etc |
Barcelona : |
| Nombre del editor, distribuidor, etc. |
Carroggio, |
| Fecha de publicación, distribución, etc |
[199?]. |
| 300 ## - DESCRIPCIÓN FÍSICA |
| Extensión |
v. : |
| Otros detalles físicos |
il., retrs., mapa |
| Dimensiones |
29 cm. |
| 505 0# - NOTA DE CONTENIDO |
| Información miscelánea |
v.1 - |
| Título |
Biología y Botánica / |
| Mención de responsabilidad |
José Tola |
| 505 0# - NOTA DE CONTENIDO |
| Información miscelánea |
v.2 . |
| Título |
Historia universal / |
| Mención de responsabilidad |
Vicente Villacampa |
| 505 0# - NOTA DE CONTENIDO |
| Información miscelánea |
v.3. |
| Título |
Matemáticas / |
| Mención de responsabilidad |
Pura Fornals ... [et al.] |
| 505 0# - NOTA DE CONTENIDO |
| Información miscelánea |
v.4. |
| Título |
La tierra, geología y mineralogía / |
| Mención de responsabilidad |
Dolores Gassós ... [et. al] |
| 505 0# - NOTA DE CONTENIDO |
| Información miscelánea |
v. 5 . |
| Título |
Zoología , ecología y medio ambiente |
| Mención de responsabilidad |
José Tola ... [y otros] |
| 650 #4 - ENCABEZAMIENTO DE MATERIA--TEMÁTICO |
| Término temático o nombre geográfico como elemento de entrada |
BOTÁNICA |
| 650 #4 - ENCABEZAMIENTO DE MATERIA--TEMÁTICO |
| Término temático o nombre geográfico como elemento de entrada |
BIOLOGÍA |
| 650 #4 - ENCABEZAMIENTO DE MATERIA--TEMÁTICO |
| Término temático o nombre geográfico como elemento de entrada |
HISTORIA UNIVERSAL |
| 650 #4 - ENCABEZAMIENTO DE MATERIA--TEMÁTICO |
| Término temático o nombre geográfico como elemento de entrada |
MATEMÁTICAS |
| 650 #4 - ENCABEZAMIENTO DE MATERIA--TEMÁTICO |
| Término temático o nombre geográfico como elemento de entrada |
GEOLOGÍA |
| 650 #4 - ENCABEZAMIENTO DE MATERIA--TEMÁTICO |
| Término temático o nombre geográfico como elemento de entrada |
MINERALOGÍA |
| 650 #4 - ENCABEZAMIENTO DE MATERIA--TEMÁTICO |
| Término temático o nombre geográfico como elemento de entrada |
ZOOLOGÍA |
| 650 #4 - ENCABEZAMIENTO DE MATERIA--TEMÁTICO |
| Término temático o nombre geográfico como elemento de entrada |
ECOLOGÍA |
| 650 #4 - ENCABEZAMIENTO DE MATERIA--TEMÁTICO |
| Término temático o nombre geográfico como elemento de entrada |
MEDIO AMBIENTE |
| 650 #4 - ENCABEZAMIENTO DE MATERIA--TEMÁTICO |
| Término temático o nombre geográfico como elemento de entrada |
ENCICLOPÉDIAS Y DICCIONARIOS ESPAÑOLES |
| 700 12 - ASIENTO SECUNDARIO -- NOMBRE PERSONAL |
| Nombre personal |
Faidella, Miguel |
| 910 ## - VALIDACIÓN |
| Validación |
Validado. Control de calidad MFF |
| 942 ## - ADDED ENTRY ELEMENTS (KOHA) |
| Source of classification or shelving scheme |
Dewey Decimal Classification |
| Koha item type |
Libros |
| 945 ## - INFORMACIÓN DE PROCESAMIENTO LOCAL |
| Información de procesamiento local |
Inventariado/ 2017 VM |
| 956 ## - LOCAL ELECTRONIC LOCATION AND ACCESS (OCLC) |
| Nombre de host |
Yngrid Lockward |